000 00636nam a22002057a 4500
003 koha_MIRAKIL
005 20250509104419.0
008 250509b tur||||| |||| 00| 0 tur d
020 _a9786051924779
040 _aTR-IsEVY
_btur
_cTR-IsEVY
041 _atur
082 _aFIC DEM/D
100 _aDemers, Dominique
245 0 _aDominique ve arkadaşları /
_cDominique Demers ; resimleyen Boum.
260 _aİstanbul :
_bHep Kitap,
_c2022.
300 _a15 s. :
_brenkli resim. ;
_c19 cm.
650 _aÇocuk edebiyatı.
_vResimli Kitaplar.
_vArkadaşlık.
_vFarklılıklar.
700 1 _aBoum.
_cresimleyen.
942 _2ddc
_cBK
999 _c22210
_d22210